00749nam a2200205 a 4500008004100000020001500041050001900056100002100075245007100096260002500167300001500192350000900207650001100216650003100227650001600258700002400274995010100298999001700399952012700416071218s1976 ||||||||||||||||| || u a0713125616 aQK 898.P67 Ken aFrankland, Barry10aPhytochrome and plant growthcRichard E. Kendrick; Barry Frankland aLondonbArnoldc1976 a69p.: ill. a0.00 aPLANTS aPlants--Photomorphogenesis aPHYTOCHROME aKendrick, Richard E D0.00FCBU-MAIN LIBRARY (Kitwe)H1I0.00M1UAVAILABLEWDec 18, 2007ZAnnex Low-Usage Collection  c53628d53628 00102lcc4070a001b001cAnnex Low-Usage Collection d2022-11-30l0oQK 898.P67 Kenp738231r2022-11-30w2022-11-30y002